00408nam a22001697a 450000500170000001000110001702000100002803500110003803700160004904000120006508200110007710000200008824500450010826000430015330000220019665000200021820170124110128.0 a735903 c00.00 a735903 bCen Lib/Ret aDPLbEN aNbSTR aStrang, Herbert aSettlers and scouts /cby Herbert Strang aLondonbOxford University Press c1943 ax,374p.c18cm(Hb) aEnglish fiction